=LDR 00000nam 2200000 4500 =001 INLIS000000000048938 =005 20170403124558.0 =006 =007 =008 =020 ##$$a 978-602-385-081-5 =035 ##$$0010-011700000000219 =040 ##$$a NBPDMAT =082 ##$$a 028 .5 =084 ##$$a 028 .5 $b Den s =100 ##$$a Denny p. =245 ##$$a 10 Mukjizat Nabi Muhammad S.A.W. Yang menakjubkan / $c Denny p., Hafi Zha =260 ##$$a Jakarta : $b Noura books, $c 2016 =300 ##$$a IV 119 hlm . : $b ilus . ; $c 24 cm =650 ##$$a Bacaan Kanak-kanak =700 ##$$a Hafi Zha